Le moyen age

Uloženo v:
Podrobná bibliografie
Hlavní autor: Funck-Brentano, Frantz (Autor)
Médium: Kniha
Jazyk:francouzština
Vydáno: París Hachette 1930
Vydání:5a. ed
Edice:L'Histoire de France Racontée a Tous
Témata:
Tagy: Přidat tag
Žádné tagy, Buďte první, kdo vytvoří štítek k tomuto záznamu!

MARC

LEADER 00000nam a2200000 a 4500
001 UCP9983
003 CL-VaPUC
008 000407e19300000FR |||||||||||||||||fre|d
082 0 4 |a 944  |b FUN  |2 21 
100 0 |a Funck-Brentano, Frantz  |e author  |9 440992 
245 1 3 |a Le moyen age 
250 |a 5a. ed 
300 |a 516 p 
942 |c BK 
945 |d 20000407 00:00:00  |a rherrera 
260 |a París  |b Hachette  |c 1930 
600 0 7 |a LUIS VII  |2 CL-VaPUC  |9 440993 
650 7 |a HISTORIA DE FRANCIA SIGLO 11  |2 CL-VaPUC  |9 440994 
650 0 |a Edad media  |9 258041 
650 7 |a FEUDALISMO EUROPEO  |2 CL-VaPUC  |9 365294 
650 0 |a Cruzadas  |9 319513 
650 7 |a GUERRA DE LOS CIEN AÑOS  |2 CL-VaPUC  |9 440748 
651 0 |a Francia  |9 255157 
583 |a last modification  |c 20160817 03:58:20  |k Rodrigo Vera 
490 0 |a L'Histoire de France Racontée a Tous 
999 |c 286763  |d 286761 
952 |0 0  |1 0  |4 0  |6 944_000000000000000_FUN_1930  |7 0  |8 X  |9 332883  |a BIBHIS  |b BIBHIS  |d 2019-11-20  |i 1263897  |o 944 FUN 1930  |p 1263897  |r 2024-01-30  |w 2019-11-20  |y BK_X  |k HIS